Ardides dobles de amor, comedia en tres actos, y en verso, original /

Bibliographic Details
Main Author: Barroso, Antonio, -1849
Format: Book
Language:Spanish
Published: Madrid : J. Gonzalez y A. Vicente, 1847.
Series:España dramática.
Subjects:

MARC

Tag First Indicator Second Indicator Subfields
LEADER 00000cam a2200000K 4500
001 in00002560021
005 20151201152135.0
008 990614s1847 sp 000 d spa d
035 |a (OCoLC)ocm41538559 
035 |a (OCoLC)41538559 
040 |a NYP  |c NYP  |d KRTAS  |d TXA  |d UtOrBLW 
049 |a TXAM 
090 |a PQ6503.B277  |b A72 1847 
100 1 |a Barroso, Antonio,  |d -1849. 
245 1 0 |a Ardides dobles de amor, comedia en tres actos, y en verso, original /  |c de Don Antonio Barroso. 
264 1 |a Madrid :  |b J. Gonzalez y A. Vicente,  |c 1847. 
300 |a 62 pages ;  |c octavo. 
336 |a text  |b txt  |2 rdacontent 
337 |a unmediated  |b n  |2 rdamedia 
338 |a volume  |b nc  |2 rdacarrier 
490 1 |a Espana dramatica 
500 |a The Cushing Library/Rare Books copy forms part of the Lee Fontanella Collection. 
650 4 |a Drama, Spanish. 
830 0 |a España dramática. 
938 |a Kirtas Technologies, Inc.  |b KRTS  |n 175375 
948 |a cataloged  |b h  |c 2010/6/25  |d c  |e hgolay  |f 4:58:44 pm 
994 |a C0  |b TXA 
999 |a MARS 
999 f f |s b60d8144-94c2-33b8-8574-cf5fbecc1ef3  |i 3ce735ca-9743-348d-bfd3-900889c4db05  |t 0 
952 f f |p noncirc  |a Texas A&M University  |b College Station  |c Cushing Memorial Library & Archives  |d Cushing: Rare Books (Does not check out)  |t 0  |e PQ6503.B277 A72 1847  |h Library of Congress classification  |i unmediated -- volume 
998 f f |a PQ6503.B277 A72 1847  |t 0  |l Cushing: Rare Books (Does not check out)